Statistical Yearbook 1986

Na minha lista:
Detalhes bibliográficos
Formato: Livro
Idioma:inglês
Publicado em: Paris UNESCO 1986
Edição:1. ed.
Tags: Adicionar Tag
Sem tags, seja o primeiro a adicionar uma tag!

MARC

LEADER 00000nam a2200000 4500
001 c034396
005 20221220074210.2
041 0 |a eng 
044 |a FR 
245 1 0 |a Statistical Yearbook 1986 
250 |a 1. ed. 
264 1 |a Paris  |b UNESCO  |c 1986 
300 |a Prer. str.